Tiere und ihre Rekorde - Statistiken

Allgemein
  • Dieses Quiz wurde 994 mal gespielt
  • Das Durchschnittsergebnis liegt bei 7 aus 15
Antwortstatistiken
Frage Antwort % Korrekt
Welches ist das schwersten Land-Tier? Elefant
88%
Welcher Vogel ist der schnellste? Wanderfalke
88%
Welches Tier ist der schnellste? Wanderfalke (Luft)
73%
Welches Tier hat die längsten Zunge? Ameisenbär
66%
Welcher Vogel hat die größte Spannweite? Wanderalbatros
56%
Welches Tier hat die meisten Augen? Libellen
47%
Welches Tier erzeugt die meisten Nachkommen? Floh
43%
Welches Tier wandert am weitesten? Küstenseeschwalbe
43%
Welches Tier wird am ältesten? Riesenschwamm
41%
Welches ist das längsten Tiere der Welt? Schnurwurm
40%
Welche Tiere tauchen am tiefsten? Knochenfisch
36%
Welches ist das giftigste Tier der Erde? (Giftmenge im Körper) Seewespe
34%
Welches Tier kann am höchsten springen? Delfin
28%
Welche Schlange ist die längste? Netzpython
19%
Welcher Schmetterling hat die größte Spannweite? Weiße Hexe
10%
Keine übereinstimmenden Quizze gefunden
Verteilung der Resultate
Anzahl Personen mit jedem Resultat
Perzentil nach korrekt beantworteten Fragen
Ihre Resultats-Entwicklung
Sie haben dieses Quiz noch nicht gespielt